00361pab a2200121 454500008004000000100001500040245010000055260000900155300001100164362001100175650001800186773003500204180718b1997 xxu||||| |||| 00| 0 eng d aTait, John aA strong foundation: report of the task force on public service values and ethics (the summary) c1997 ap.1-22 aSpring aCivil service aCanadian Public Administration